Riconosci il Trasferimento - Quiz n°3 - Statistics

Statistiche generali
  • Questo quiz è stato fatto 5.492 volte
  • Il punteggio medio è 10 su 20
Statistiche sulle risposte
Ruolo Nazione Trasferimenti Calciatore % Corretto
Portiere Camerun Jong Ajax 2015 - Ajax 2016 - Inter 2022 - Manchester United 2023 André Onana
98%
Difensore Brasile America-MG 2009 - Santos 2010 - Porto 2012 - Real Madrid 2015 - Manchester City 2017 - Juventus 2019 - Flamengo 2025 Danilo Luiz da Silva
89%
Centrocampista Italia Monza 2013 - Milan 2015 - Lecce 2015 - Catania 2016 - Como 2016 - Spezia 2017 - Atalanta 2018 - Verona 2019 - Atalanta 2022 - Monza 2022 Matteo Pessina
78%
Attacante Germania Bayer Leverkusen 2016 - Chelsea 2020 - Arsenal 2023 Kai Havertz
74%
Attacante Francia Real Sociedad 2009 - Atletico Madrid 2014 - Barcellona 2019 - Atletico Madrid 2021 Antoine Griezmann
73%
Portiere Svizzera Vaduz 2007 - Basilea 2009 - Grasshoppers 2009 - Basilea 2010 - Borussia Mönchengladbach 2014 - Bayern Monaco 2023 - Inter 2023 Yann Sommer
66%
Attaccante Belgio Eendracht Aalst 2005 - AGOVV 2006 - Utrecht 2009 - PSV 2011 - Napoli 2013 - Galatasaray 2022 Dries Mertens
65%
Centrocampista Spagna Barcellona 2021 Gavi
57%
Difensore Francia Bordeaux 2 2016 - Bordeaux 2018 - Siviglia 2019 - Barcellona 2022 Jules Koundé
53%
Difensore Inghilterra Sheffield Utd 2011 - Hull City 2014 - Wigan 2015 - Hull City 2015 - Leicester City 2017 - Manchester United 2019 Harry Maguire
48%
Attaccante Polonia Lechia Dzierżoniów 2012 - Zagłębie Lubin 2013 - KS Cracovia 2016 - Genoa 2018 - Milan 2019 - Hertha Berlino 2020 - Fiorentina 2022 - Salernitana 2022 - İstanbul Başakşehir 2023 - Al-Duhail 2025 Krzysztof Piątek
48%
Centrocampista Argentina Argentinos Junios 2016 - Boca Juniors 2019 - Brighton 2020 - Liverpool 2023 Alexis Mac Allister
46%
Centrocampista Portogallo Porto 2014 - Wolverhampton 2017 - Al-Hilal 2023 Ruben Neves
44%
Difensore Argentina Newell's Old Boys 2016 - Defensa y Justicia 2017 - Ajax 2019 - Manchester United 2022 Lisandro Martínez
41%
Centrocampista Cile Udinese 2007 - Juventus 2012 - QPR 2014 - Juventus 2015 - Olympique Marsiglia 2015 - Cagliari 2016 - Fenerbahçe 2017 - Flamengo 2020 - Universidad Catolica 2022 - Independiente 2023 - Colo-Colo 2024 Mauricio Isla
30%
Portiere Croazia NK Zagabria 2012 - Dinamo Zagabria 2016 -Fenerbahçe 2023 Dominik Livaković
29%
Attaccante Spagna Baskonia 2019 - Athletic Bilbao B 2020 - Athletic Bilbao 2021 Nico Williams
23%
Attaccante Olanda Jong PSV 2014 - PSV 2015 - Tottenham 2020 - Ajax 2022 - Al-Ittihad 2024 Steven Bergwijn
20%
Attaccante Croazia Hajduk Spalato 2009 - Lugano 2010 - Cesena 2011 - Inter 2012 - Atalanta 2013 - Rubin Kazan 2014 - Empoli 2015 - Las Palmas 2016 - AEK Atene 2017 - Hajduk Spalato 2021 Marko Livaja
19%
Centrocampista Francia/Senegal Monaco 2010 - Nizza 2013 - Leicester City 2016 - Nizza 2017 - Leicester City 2018 - Lens 2023 Nampalys Mendy
3%
Nessun quiz corrispondente trovato
Distribuzione punteggi
Percentuale di utenti per punteggio
Percentile per numero di risposta
I tuoi punteggi nel tempo
Non hai fatto questo quiz